El Egipto de Mubarak : esclerosis reformista y crisis económica /

Las interminables colas para comprar un pan cada día más caro agravan el malestar de los egipcios hacia un sistema autoritario que no es capaz de reducir los índices de pobreza ni permite la existencia de una oposición verdadera que dé voz a una sociedad efervescente. A la tensión interna, hay que s...

Full description

Bibliographic Details
Main Author: Gutiérrez de Terán, Ignacio
Other Authors: Fuentelsaz Franganillo, Jorge
Format: Analitica de revista
Language:Spanish
Published: Madrid, España Estudios de Política Exterior S.A 2008
Subjects:

MARC

LEADER 00000cab a2200000 a 4500
001 037307
003 UAHC_CL
005 20170803124119.0
008 091228s2009 cl f 000 spa
040 |a UAHC_CL  |c UAHC_CL  |d UAHC_CL 
100 1 |a Gutiérrez de Terán, Ignacio 
245 1 3 |a El Egipto de Mubarak :  |b esclerosis reformista y crisis económica /  |c Ignacio Gutiérrez de Terán, Jorge Fuentelsaz Franganillo. 
260 |b Estudios de Política Exterior S.A  |c 2008  |a Madrid, España 
300 |a p. 143-153 
500 |a En: Politica exterior, vol. XXII, no. 125, Septiembre-octubre 2008. pp. 143-153. ISSN: 02136856. 
520 |a Las interminables colas para comprar un pan cada día más caro agravan el malestar de los egipcios hacia un sistema autoritario que no es capaz de reducir los índices de pobreza ni permite la existencia de una oposición verdadera que dé voz a una sociedad efervescente. A la tensión interna, hay que sumar el creciente deterioro de la imagen externa del país, sobre todo en el mundo árabe y Oriente Próximo. 
520 |a Las interminables colas para comprar un pan cada día más caro agravan el malestar de los egipcios hacia un sistema autoritario que no es capaz de reducir los índices de pobreza ni permite la existencia de una oposición verdadera que dé voz a una sociedad efervescente. A la tensión interna, hay que sumar el creciente deterioro de la imagen externa del país, sobre todo en el mundo árabe y Oriente Próximo. 
650 4 |a POBREZA 
650 4 |a CRISIS ECONOMICAS 
650 4 |a AUTORITARISMO 
700 1 |a Fuentelsaz Franganillo, Jorge 
759 |a PP104 
773 0 |t Política exterior  |w 037262 
900 |a POLITICA EXTERIOR-125/08 
942 |c REVA 
952 |0 0  |1 0  |4 0  |6 POLITICA_EXTERIOR125_08_000000000000000  |7 0  |8 General  |9 71225  |a BC  |b BC  |c General  |d 2017-08-03  |l 0  |o POLITICA EXTERIOR-125/08  |p FICTICIO5383  |r 2019-01-08 00:00:00  |t 1  |w 2017-08-03  |y REVA 
999 |c 37307  |d 37307